| 000 | 00592nam a2200205Ia 4500 | ||
|---|---|---|---|
| 005 | 20250508160342.0 | ||
| 008 | 008 250505s9999 xx 000 0 eng d | ||
| 037 | _aTextual | ||
| 040 |
_aFEDL _beng _cFEDL |
||
| 041 |
_aeng _2eng |
||
| 084 |
_a370.9, CRA _qFEDL |
||
| 100 |
_aCramer John Francis _993875 |
||
| 245 | 0 | _aContemporary education : A comparative study of national systems | |
| 250 | _a2nd | ||
| 260 |
_aNew York, USA _bHarcourt, Brace and World _c1965 |
||
| 300 | _ax,598p. | ||
| 650 | _aEducation | ||
| 942 |
_cTEXL _h370.9, CRA |
||
| 999 |
_c1363941 _d1363941 |
||